| 000 | 01112nam a2200325Ia 4500 | ||
|---|---|---|---|
| 005 | 20220317001729.0 | ||
| 008 | 170328s2012 c g 000 j s | ||
| 020 | _a9583801070 (Obra completa) | ||
| 020 | _a9583801097 (volumen 2) | ||
| 041 | _aspa | ||
| 245 | 0 | 0 |
_aCuentos y relatos de la literatura colombiana, 2 _cselección y textos Luz Mary Giraldo |
| 250 | _a1a. edición | ||
| 300 |
_a591 páginas _c24 cm |
||
| 490 | _aTierra firme | ||
| 504 | _aIncluye notas biográficas | ||
| 504 | _aIncluye bibliografía | ||
| 505 | _aUna visión caleidoscópica -- Relatos para niños y jóvenes | ||
| 521 | _aRecomendado desde los 15 años | ||
| 650 | 1 | 4 |
_2LEMB _aCuentos colombianos _vColecciones |
| 650 | 1 | 4 |
_2LEMB _aLiteratura colombiana |
| 650 | 1 | 4 |
_2LEMB _aHistoria en la literatura |
| 700 | 1 |
_aGiraldo, Luz Mary _d1950- _975723 |
|
| 942 |
_2loc _cBKLIT |
||
| 264 |
_aBogotá _bFondo de Cultura Económica _c2012 |
||
| 336 |
_atexto _btxt _2rdacontent |
||
| 337 |
_asin mediación _bn _2rdamedia |
||
| 338 |
_avolumen _bnc _2rdacarrier |
||
| 040 |
_aCO-BoRNBP _bspa _erda _cCO-BoRNBP |
||
| 084 | _aC CUE69 | ||
| 999 |
_c7886 _d7886 |
||